ASOUE-Count Olaf Disguises - Statistics

General Stats
  • This quiz has been taken 36 times
  • The average score is 4 of 13
Answer Stats
Book Answer % Correct
The Reptile Room Stephano
75%
The Wide Window Captain Sham
61%
The Bad Beginning Yessica Haircut
50%
The Austere Academy Coach Genghis
43%
The Ersatz Elevator Gunther
43%
The Vile Village Detective Dupin
32%
The End Kit Snicket
32%
The Penultimate Peril Jacques Snicket
21%
The Hostile Hospital Dr. Mattathias Medicalschool
18%
The Carnivorous Carnival Ringmaster
7%
The Grim Grotto Dad
4%
The Vile Village Old Bartender
4%
The Miserable Mill Shirley St.Ives
4%
No matching quizzes found
Score Distribution
Percent of People with Each Score
Percentile by Number Answered
Your Score History
You have not taken this quiz